000 00775nam a2200241 u 4500
005 20220916063618.0
008 150219s2007 r 000 0 eng d
020 _a9788466762793
035 _aUPN01000201856
049 _aI
050 4 _aPZ10.3
_bM3.37
100 1 _aMcKee, David,
_d1935-
_929650
245 1 3 _aLa historia de Tucán =
_bTwo Can Toucan /
_cDavid McKee.
260 _aMadrid :
_bAnaya,
_c2007.
300 _a[32] p. :
_bil. col. +1 CD-ROM ; 4 3/4 plg.
440 0 _aWe read, Leemos : En inglés y castellano
500 _aEl CD-ROM solicítalo en el mostrador de préstamo
650 0 _aAnimales
_vCuentos y leyendas
_9234
650 7 _aLibros ilustrados para niños
_2
_921365
740 0 _aTwo Can Toucan
905 _aInfantil
999 _c173957
_d173957